TEXT BOOK OF PHARMACEUTICAL INORGANIC CHEMISTRY : THEORY AND PRACTICAL (Record no. 6126)

MARC details
000 -LEADER
fixed length control field 00519nam a22001817a 4500
005 - DATE AND TIME OF LATEST TRANSACTION
control field 20230119112613.0
008 - FIXED-LENGTH DATA ELEMENTS--GENERAL INFORMATION
fixed length control field 200317b xxu||||| |||| 00| 0 eng d
020 ## - INTERNATIONAL STANDARD BOOK NUMBER
ISBN 9788123902784
041 ## - LANGUAGE CODE
Language code of text/sound track or separate title eng
082 ## - DEWEY DECIMAL CLASSIFICATION NUMBER
Classification number 615.19
100 ## - MAIN ENTRY--AUTHOR NAME
Personal name RAJASEKARAN, V.N.
245 ## - TITLE STATEMENT
Title TEXT BOOK OF PHARMACEUTICAL INORGANIC CHEMISTRY : THEORY AND PRACTICAL
Statement of responsibility, etc V.N RAJSEKARAN
250 ## - EDITION STATEMENT
Edition statement 2'ND
260 ## - PUBLICATION, DISTRIBUTION, ETC. (IMPRINT)
Place of publication NEW DELHI
Name of publisher CBS PUBLISHERS AND PUBLICATION
Year of publication 2015
300 ## - PHYSICAL DESCRIPTION
Number of Pages 465 P.
650 ## - SUBJECT ADDED ENTRY--TOPICAL TERM
Topical Term PHARMCY
General subdivision B.PHARMA
942 ## - ADDED ENTRY ELEMENTS (KOHA)
Koha item type Books
Holdings
Lost status Damaged status Collection code Home library Current library Shelving location Date acquired Source of acquisition Cost, normal purchase price Full call number Accession Number Koha item type
    Reference JRU Library JRU Library SHELF - 10 - A 17/03/2020 PURCHASE 295.00 615.19 23772 Books
    PHARMACY JRU Library JRU Library SHELF-17-E 17/03/2020 PURCHASE 295.00 615.19 23773 Books